Личность как объект научного познания: Из цикла "Методологические основы пропаганды художественной литературы и произведений искусства"; Библиотеки учебных заведений; № 18

Bibliographische Detailangaben
Parent link:Библиотеки учебных заведений: научно-методический журнал.— , 2005
№ 18.— 2006.— С. 37-47
1. Verfasser: Ерахторина О. М. Ольга Михайловна
Sprache:Russisch
Veröffentlicht: 2006
Schriftenreihe:Пропаганда книги
Schlagworte:
Format: MixedMaterials Buchkapitel
KOHA link:https://koha.lib.tpu.ru/cgi-bin/koha/opac-detail.pl?biblionumber=402181

MARC

LEADER 00000naa2a2200000 4500
001 402181
005 20231101065700.0
035 |a (RuTPU)RU\TPU\prd\46978 
035 |a RU\TPU\prd\46977 
090 |a 402181 
100 |a 20061018a2006 k y0rusy50 ca 
101 0 |a rus 
102 |a RU 
200 1 |a Личность как объект научного познания  |e Из цикла "Методологические основы пропаганды художественной литературы и произведений искусства"  |f О. М. Ерахторина 
225 1 |a Пропаганда книги 
461 0 |0 (RuTPU)RU\TPU\prd\39949  |t Библиотеки учебных заведений  |o научно-методический журнал  |d 2005 
463 0 |0 (RuTPU)RU\TPU\prd\46902  |t № 18  |v С. 37-47  |d 2006 
610 1 |a художественная литература 
610 1 |a произведения искусства 
610 1 |a методологические основы пропаганды 
610 1 |a пропаганда 
610 1 |a личность 
610 1 |a научное познание 
700 1 |a Ерахторина  |b О. М.  |g Ольга Михайловна 
801 1 |a RU  |b 63413507  |c 20061018  |g PSBO 
801 2 |a RU  |b 63413507  |c 20061018  |g PSBO 
942 |c BK